Same Named Celebrities by Picture Quiz Stats

Quiz Updated Jan 26, 2016

Challenge
Share
Tweet
Score 0/15 Timer 04:00
7 Plays Today
% Correct
Perry (Matthew & Katy)
97.2%
Lopez (George & Jennifer)
94.3%
Carey (Mariah & Drew)
93.8%
Stewart (Martha & Kristen)
93.4%
Roberts (Julia & Doris)
92.1%
Washington (Kerry & Denzel)
92%
Lawrence (Martin & Jennifer)
89.1%
Cruz (Ted & Penélope)
89%
% Correct
McCartney (Paul & Jesse)
87.2%
Bryant (Kobe & Aidy)
80.5%
Keaton (Diane & Michael)
77.8%
Hudson (Kate & Jennifer)
75.3%
Moore (Julianne & Roger)
74.4%
Rodriguez (Michelle & Alex)
70%
Bell (Drake & Kristen)
63.6%

You're not logged in!

Compare scores with friends on all Sporcle quizzes.
Sign Up with Email
OR
Log In

You Might Also Like...

Show Comments

Extras

Top Quizzes Today


Score Distribution

Your Account Isn't Verified!

In order to create a playlist on Sporcle, you need to verify the email address you used during registration. Go to your Sporcle Settings to finish the process.